Những chặng đường lịch sử của Đoàn 1975-1980

Tuổi trẻ Việt Nam trong chiến dịch HCM lịch sử và đại thắng mùa xuân năm 1975,Đại hội đại biểu toàn quốc lần thứ 4,tuổi trẻ đi đầu trong công cuộc hàn gắn vết thương sau chiến tranh...

Guardat en:
Dades bibliogràfiques
Autor principal: Vũ Công Cẩn
Altres autors: Văn Tùng (tác giả)
Format: Llibre
Idioma:Vietnamese
Publicat: H. Thanh niên 1981
Matèries:
Etiquetes: Afegir etiqueta
Sense etiquetes, Sigues el primer a etiquetar aquest registre!
Thư viện lưu trữ: Mạng thư viện Đại học Đà Nẵng
LEADER 01305nam a2200325 4500
001 000010044
003 6243
005 20120529090524.0
008 111109s1981 viesd
041 0 |a vie 
082 |a 324.3  |b VU-C 
100 0 |a Vũ Công Cẩn 
245 0 |a Những chặng đường lịch sử của Đoàn  |b 1975-1980  |c Vũ Công Cẩn,Văn Tùng 
260 |a H.  |b Thanh niên  |c 1981 
300 |a 179tr.  |c 19 cm 
520 |a Tuổi trẻ Việt Nam trong chiến dịch HCM lịch sử và đại thắng mùa xuân năm 1975,Đại hội đại biểu toàn quốc lần thứ 4,tuổi trẻ đi đầu trong công cuộc hàn gắn vết thương sau chiến tranh... 
653 |a Đoàn thanh niên công sản HCM 
653 |a Tuổi trẻ Việt Nam 
700 |a Văn Tùng  |e tác giả 
910 |a quỳnh  |d 9/11/2011 
OWN |a LSP 
AVA |a UDN50  |b LSP  |d 324.3 VU-C  |e available  |t Error 5001 Not defined in file expand_doc_bib_avail.  |f 2  |g 1  |h N  |i 0  |k 1 
999 |a From the UDN01 
AVA |a UDN50  |b LSP  |d 324.3 VU-C  |e available  |t Error 5001 Not defined in file expand_doc_bib_avail.  |f 2  |g 1  |h N  |i 0  |k 1 
TYP |a Monograph 
TYP |a Printed language 
980 |a Mạng thư viện Đại học Đà Nẵng